000 00844nam a2200265Ia 4500
003 OSt
005 20220924124101.0
006 a|||||r|||| 00| 0
007 ta
008 220923b |||||||| |||| 00| 0 urd d
020 _a8180420191 (hbk)
020 _c200
024 _a318080
037 _b5534/1, 06/03/2009, Modern Publishing House
_cTextual
040 _aARTS
_cARTS
_burd
041 _2urd
_aurd
082 _aO152,3N39,EA, 168P7
100 _aAnsal Kusum Au.
_9194736
245 0 _aEk aur panchwati
260 _aNew Delhi
_b Modern publishing house India
_c2007
650 _aHINDI FICTION
700 _a Aalam Khursheed Tr.
_9194118
942 _hO152,3N39,EA, 168P7
_cTEXL
_2CC
999 _c418298
_d418298